[Event "URU-ch sf"]
[Site "Montevideo"]
[Date "2017.02.26"]
[Round "5"]
[White "Benoit, Rodrigo"]
[Black "Kimelman, Gabriel"]
[Result "0-1"]
[WhiteElo "2114"]
[BlackElo "2183"]
[PlyCount "72"]
[EventDate "2017.02.24"]
[EventType "swiss"]
[EventRounds "8"]
[EventCountry "URU"]
[SourceTitle "CBM 177 Extra"]
[Source "ChessBase"]
[SourceDate "2017.04.27"]
[SourceVersion "1"]
[SourceVersionDate "2017.04.27"]
[SourceQuality "1"]

1. d4 e6 2. c4 f5 3. Nf3 Nf6 4. Nc3 Bb4 5. Bd2 b6 6. a3 Bxc3 7. Bxc3 Ne4 8. Rc1 0-0 9. e3 Bb7 10. Be2 d6 11. 0-0 Nd7 12. Be1 Qe8 13. d5 e5 14. Nd2 Ndf6 15. Nxe4 fxe4 16. b4 Qg6 17. a4 Bc8 18. Kh1 Bg4 19. Bxg4 Nxg4 20. Qe2 Rf5 21. h3 Rh5 22. f3 exf3 23. Rxf3 Qe4 24. Qc2 Qxc2 25. Rxc2 e4 26. Rg3 Nh6 27. Rf2 Rf8 28. Rxf8+ Kxf8 29. Bd2 Rf5 30. Kg1 g5 31. Bc3 Kf7 32. Bd4 Kg6 33. Bc3 Rf7 34. Be1 Nf5 35. Rg4 Nxe3 36. Rxe4 Rf1+ 0-1

[Event "URU-ch sf"]
[Site "Montevideo"]
[Date "2017.02.25"]
[Round "2"]
[White "Kimelman, Gabriel"]
[Black "Genta, Alejandro"]
[Result "1/2-1/2"]
[WhiteElo "2183"]
[BlackElo "2054"]
[PlyCount "42"]
[EventDate "2017.02.24"]
[EventType "swiss"]
[EventRounds "8"]
[EventCountry "URU"]
[SourceTitle "CBM 177 Extra"]
[Source "ChessBase"]
[SourceDate "2017.04.27"]
[SourceVersion "1"]
[SourceVersionDate "2017.04.27"]
[SourceQuality "1"]

1. Nf3 c5 2. c4 Nc6 3. g3 g6 4. Bg2 Bg7 5. Nc3 d6 6. 0-0 e5 7. Ne1 Nge7 8. Nc2 0-0 9. Rb1 a5 10. Ne3 Rb8 11. d3 Bd7 12. a3 f5 13. Ned5 Nxd5 14. Nxd5 b5 15. b4 axb4 16. axb4 bxc4 17. b5 cxd3 18. bxc6 Rxb1 19. cxd7 dxe2 20. Qxe2 Kh8 21. Nc3 Rb6 1/2-1/2

[Event "Montevideo Duchamp Cup 1st"]
[Site "Montevideo"]
[Date "2017.02.12"]
[Round "6"]
[White "Rodriguez Farias, Eduardo"]
[Black "Kimelman, Gabriel"]
[Result "1/2-1/2"]
[WhiteElo "1897"]
[BlackElo "2183"]
[PlyCount "99"]
[EventDate "2017.02.09"]
[EventType "swiss"]
[EventRounds "9"]
[EventCountry "URU"]
[SourceTitle "CBM 176 Extra"]
[Source "ChessBase"]
[SourceDate "2017.03.02"]
[SourceVersion "1"]
[SourceVersionDate "2017.03.02"]
[SourceQuality "1"]

1. e4 e6 2. d4 d5 3. e5 c5 4. c3 Nc6 5. Nf3 Bd7 6. a3 Qb6 7. b4 cxd4 8. cxd4 Rc8 9. Be3 Nh6 10. Bd3 Nf5 11. 0-0 Be7 12. Nbd2 a6 13. Nb3 Na7 14. Nc5 Bb5 15. a4 Bxd3 16. Qxd3 Rc7 17. b5 Nxe3 18. fxe3 Bxc5 19. dxc5 Qxc5 20. bxa6 bxa6 21. Rfc1 Qxc1+ 22. Rxc1 Rxc1+ 23. Kf2 Rc6 24. Nd4 Rc4 25. Qa3 Nc8 26. h3 h5 27. Nb3 f6 28. Nd2 Rc6 29. Qd3 0-0 30. exf6 Rxf6+ 31. Kg1 Ne7 32. e4 g6 33. Qa3 Rf7 34. Nf3 Rg7 35. Ne5 Rb6 36. a5 Rb1+ 37. Kh2 dxe4 38. Qa2 Rb5 39. Qxe6+ Kh7 40. Nc4 Nf5 41. Qxa6 Rc5 42. Nd2 e3 43. Nf3 Re7 44. Qf6 Rxa5 45. Ng5+ Kh6 46. h4 Nxh4 47. Qxe7 Rxg5 48. Qf8+ Kh7 49. Qf7+ Kh6 50. Qf8+ 1/2-1/2

[Event "Montevideo Duchamp Cup 1st"]
[Site "Montevideo"]
[Date "2017.02.11"]
[Round "4"]
[White "Valenzuela Gomez, Fernando Alberto"]
[Black "Kimelman, Gabriel"]
[Result "1/2-1/2"]
[WhiteElo "2359"]
[BlackElo "2183"]
[PlyCount "100"]
[EventDate "2017.02.09"]
[EventType "swiss"]
[EventRounds "9"]
[EventCountry "URU"]
[SourceTitle "CBM 176 Extra"]
[Source "ChessBase"]
[SourceDate "2017.03.02"]
[SourceVersion "1"]
[SourceVersionDate "2017.03.02"]
[SourceQuality "1"]

1. b3 Nf6 2. Bb2 b6 3. c4 e6 4. Nf3 Bb7 5. e3 d5 6. Nc3 Be7 7. cxd5 exd5 8. Bb5+ c6 9. Be2 0-0 10. 0-0 Nbd7 11. d4 Bd6 12. Bd3 Qe7 13. a4 a5 14. Qc2 Rfe8 15. Ne2 Ne4 16. Ng3 g6 17. Bxe4 dxe4 18. Nd2 Nf6 19. Nc4 Bc7 20. Ne5 Rac8 21. Qe2 c5 22. Nc4 h5 23. Rfd1 Qe6 24. dxc5 bxc5 25. Qe1 h4 26. Nf1 h3 27. Qc3 Qg4 28. Ng3 Re6 29. Rd7 Ba6 30. Re7 Bxc4 31. Rxe6 Qxe6 32. bxc4 Bd8 33. gxh3 Be7 34. Qe5 Qxe5 35. Bxe5 Nd7 36. Bc3 Nb6 37. Nxe4 Nxc4 38. Rb1 f5 39. Rb7 Kf8 40. Nf6 Bxf6 41. Bxf6 Rc6 42. Bc3 Nb6 43. Bxa5 Nxa4 44. Rb3 Ra6 45. Bd2 Kf7 46. Ra3 Ke6 47. Kg2 c4 48. Kf3 Nc5 49. Rxa6+ Nxa6 50. e4 Ke5 1/2-1/2

[Event "Montevideo Duchamp Cup 1st"]
[Site "Montevideo"]
[Date "2017.02.09"]
[Round "1"]
[White "Kimelman, Gabriel"]
[Black "Campora, Edgardo"]
[Result "1-0"]
[WhiteElo "2183"]
[BlackElo "1725"]
[PlyCount "61"]
[EventDate "2017.02.09"]
[EventType "swiss"]
[EventRounds "9"]
[EventCountry "URU"]
[SourceTitle "CBM 176 Extra"]
[Source "ChessBase"]
[SourceDate "2017.03.02"]
[SourceVersion "1"]
[SourceVersionDate "2017.03.02"]
[SourceQuality "1"]

1. c4 c5 2. g3 g6 3. Bg2 Bg7 4. Nf3 Nf6 5. Nc3 Nc6 6. 0-0 0-0 7. d4 d6 8. d5 Na5 9. Qd3 a6 10. e4 e5 11. Nd2 Rb8 12. a3 b5 13. cxb5 axb5 14. b4 c4 15. Qc2 Nb3 16. Nxb3 cxb3 17. Qxb3 Bd7 18. Bd2 Qb6 19. Be3 Qb7 20. f3 Rfc8 21. Rfc1 Ne8 22. Bf1 f5 23. Ra2 Nc7 24. a4 f4 25. Bf2 fxg3 26. hxg3 Bh6 27. Rcc2 bxa4 28. Nxa4 Na6 29. Bxa6 Qxa6 30. Nb6 Qb5 31. Nxc8 1-0

[Event "URU-chTA"]
[Site "Montevideo"]
[Date "2016.09.24"]
[Round "3.34"]
[White "Pos, Marcos"]
[Black "Kimelman, Gabriel"]
[Result "1/2-1/2"]
[WhiteElo "1774"]
[BlackElo "2218"]
[PlyCount "107"]
[EventDate "2016.09.23"]
[EventType "team-swiss"]
[EventRounds "5"]
[EventCountry "URU"]
[SourceTitle "EXT 2018"]
[Source "ChessBase"]
[SourceDate "2017.10.13"]
[SourceVersion "1"]
[SourceVersionDate "2017.10.13"]
[SourceQuality "1"]

1. e4 e6 2. d4 d5 3. Nc3 Bb4 4. exd5 exd5 5. Nf3 Bg4 6. Be2 Ne7 7. 0-0 0-0 8. Ne5 Bxe2 9. Nxe2 Nd7 10. Bf4 Nxe5 11. Bxe5 Ng6 12. Bg3 c6 13. Nf4 Qg5 14. Qh5 Qxh5 15. Nxh5 Bd2 16. Rad1 Bh6 17. Bd6 Rfd8 18. Bb4 Re8 19. Rfe1 b6 20. Kf1 Bf4 21. Nxf4 Nxf4 22. Bd2 Ne6 23. c3 f6 24. Re2 Kf7 25. Rde1 c5 26. f4 cxd4 27. f5 Nc5 28. Rxe8 Rxe8 29. Rxe8 Kxe8 30. cxd4 Ne4 31. Bf4 Kd7 32. Ke2 Kc6 33. Kd3 a5 34. b3 g6 35. fxg6 hxg6 36. Be3 Kb5 37. a3 a4 38. b4 Kc6 39. Bc1 Kd6 40. Bf4+ Kc6 41. Be3 g5 42. g3 f5 43. Bc1 Kd7 44. Ke2 Ke6 45. Kf3 Kf6 46. h4 b5 47. hxg5+ Nxg5+ 48. Kf4 Ne6+ 49. Ke3 Ng5 50. Kf4 Ne4 51. g4 Nf2 52. g5+ Kg6 53. Be3 Nd3+ 54. Kf3 1/2-1/2

[Event "Pan American-ch U18 27th"]
[Site "Montevideo"]
[Date "2016.07.28"]
[Round "5"]
[White "Malamud, Lautaro"]
[Black "Kimelman, Gabriel"]
[Result "0-1"]
[WhiteElo "2065"]
[BlackElo "2167"]
[PlyCount "76"]
[EventDate "2016.07.25"]
[EventType "swiss"]
[EventRounds "9"]
[EventCountry "URU"]
[SourceTitle "EXT 2017"]
[Source "ChessBase"]
[SourceDate "2016.10.25"]
[SourceVersion "1"]
[SourceVersionDate "2016.10.25"]
[SourceQuality "1"]

1. e4 e6 2. d4 d5 3. exd5 exd5 4. Nf3 Bd6 5. Bd3 Bg4 6. 0-0 Nc6 7. c3 Nge7 8. h3 Bh5 9. Re1 Qd7 10. Nbd2 0-0 11. b4 Rae8 12. Nb3 Ng6 13. Rxe8 Rxe8 14. Bd2 Nh4 15. Nxh4 Bxd1 16. Bf5 Re6 17. Rxd1 Ne7 18. Bxe6 Qxe6 19. Re1 Qf6 20. Nf3 h6 21. Ne5 b6 22. Nc1 Qf5 23. Ned3 Ng6 24. Re3 Nh4 25. Kf1 g5 26. g4 Qg6 27. Ke2 Ng2 28. Re8+ Kg7 29. Kf1 Nh4 30. Re3 f5 31. a3 h5 32. Ne5 Qh7 33. f3 f4 34. Rd3 hxg4 35. hxg4 Bxe5 36. dxe5 Ng6 37. e6 Ne5 38. Rxd5 Qh1+ 0-1